000 00232nam a22000857a 4500
008 160928b xxu||||| |||| 00| 0 eng d
100 _9811
_aWilson.R.
245 _aEnglish with Activity-2
260 _aNew Delhi
_bS. chand Publications
_c2011
999 _c3465
_d3465